Crossing time and space : to commemorate Hanna Szymanska /

محفوظ في:

مؤلفون آخرون: Myśliwiec, Karol (المحرر), Ryś, Agnieszka (المحرر), Szymańska, Hanna (honouree)

التنسيق: كتاب

اللغة: English

منشور في: Warsaw : Wiesbaden : IKSiOPAN, Institute of Mediterranean and Oriental Cultures ; Harrassowitz Verlag, 2020.

سلاسل: Travaux de l'Institut des cultures méditerranéennes et orientales de l'Académie polonaise des sciences ; 7.

الموضوعات:

الوسوم: إضافة وسم

لا توجد وسوم, كن أول من يضع وسما على هذه التسجيلة!

رقم الطلب: DT60 .C77 2020

LEADER 01205nam a22002777a 4500
003 OSt
005 20251230120750.0
008 251230t2020 pl abe b 010 0 eng d
020 |a 9788395218965 
040 |c ARCE Library 
050 1 4 |a DT60  |b .C77 2020 
245 0 0 |a Crossing time and space :   |b to commemorate Hanna Szymanska /   |c edited by Karol Myśliwiec, Agnieszka Ryś. 
246 3 0 |a To commemorate Hanna Szymanska. 
264 1 |a Warsaw :   |b IKSiOPAN, Institute of Mediterranean and Oriental Cultures ;   |a Wiesbaden :   |b Harrassowitz Verlag,   |c 2020. 
300 |a 204 pages (some folded) :   |b  illustrations (chiefly color), color maps, color plans ;   |c 30 cm. 
490 0 |a Travaux de l'Institut des cultures méditerranéennes et orientales de l'Académie polonaise des sciences ;   |v 7. 
504 |a Includes bibliographical references. 
546 |a 10 English, 3 French, 3 German contributions; includes abstracts in English. 
650 0 |a Ancient terracotta figurines   |z Egypt. 
651 0 |a Egypt  |x Antiquities. 
700 1 |a Myśliwiec, Karol,   |e editor 
700 1 |a Ryś, Agnieszka,   |e editor 
700 1 |a Szymańska, Hanna,   |e honouree 
901 |a reviewed 
942 |2 lcc  |c BK 
999 |c 58300  |d 58300